000 01037nam a2200265z 4500
003 URS
005 20250630160416.0
008 190722s2010 ph |||| |||| 000 0 eng |
020 _a9710870912
040 _bEnglish
_cURS
_erda
041 _aeng
050 1 4 _aLB2369
_b.Z84 2003
100 1 _aZulueta, Francisco M.,
_eauthor.
_91462
245 1 0 _aMethods of research, thesis writing and applied statistics /
_cFrancisco M. Zulueta and Nestor Edilberto B. Costales Jr.
264 1 _aMandaluyong City :
_bNational Book Store,
_c©2003.
300 _avii, 295 pages ;
_c22 cm.
336 _2rdacontent
_atext
_btxt
337 _2rdamedia
_aunmediated
_bn
338 _2rdacarrier
_avolume
_bnc
524 _aZulueta, F. M., and Perez, J. R. (2010). Methods of research, thesis writing and applied statistics. Mandaluyong City: National Book Store
650 0 _aDissertations, Academic
_91982
_xHandbooks, manuals, etc.
650 0 _aResearch
_xMethodology
_92216
700 1 _aCostales Jr., Nestor Edilberto B.,
_eauthor.
942 _cF
_2lcc
999 _c83278
_d83277